书目信息 |
| 题名: |
无机化学实验
|
|
| 作者: | ;北京大学无机化学教研室 编 | |
| 分册: | ||
| 出版信息: | 北京 北京大学无机化学教研室 1963 |
|
| 页数: | 206页 | |
| 开本: | 26cm | |
| 丛书名: | ||
| 单 册: | ||
| 中图分类: | O61-33 | |
| 科图分类: | ||
| 主题词: | 无机化学--化学实验 | |
| 电子资源: | ||
| ISBN: | K13010.1116 | |
| 000 | 00733cam0 2200241 450 | |
| 001 | 0105451978 | |
| 005 | 20070730095113.0 | |
| 010 | @aK13010.1116@dCNY0.65 | |
| 091 | @aK13010.1116@dCNY0.65 | |
| 100 | @a19960203d1963 em y0chiy0110 ea | |
| 101 | 0 | @achi |
| 102 | @aCN@b110000 | |
| 105 | @afk z 000yy | |
| 106 | @ar | |
| 200 | 1 | @a无机化学实验@9Wu;Mo Ji Hua Xue Shi Yan @f北京大学无机化学教研室编@b专著 |
| 210 | @a北京@c北京大学无机化学教研室@d1963 | |
| 215 | @a206页@c图,表@d26cm | |
| 300 | @a高等学校教材 | |
| 606 | 0 | @a无机化学@x化学实验 |
| 690 | @aO61-33@v3 | |
| 711 | 02 | @a北京大学无机化学教研室@9bei jing da xue wu ji hua xue jiao yan shi@4编 |
| 801 | 0 | @aCN@b上海图书馆@c19970403 |
| 905 | @aBZT@dO61@e86@f1@sO61/86 | |
| 无机化学实验/北京大学无机化学教研室编.-北京:北京大学无机化学教研室,1963 |
| 206页:图,表;26cm |
| 高等学校教材 |
| ISBN K13010.1116:CNY0.65 |
| ● |
| 相关链接 |
|
|
|
正题名:无机化学实验
索取号:O61/86
 
预约/预借
| 序号 | 登录号 | 条形码 | 馆藏地/架位号 | 状态 | 备注 |
| 1 | 2000048087 | 2000048087 | 旧书回溯/ [索取号:O61/86] | 在馆 |